000 00620nam a2200193Ii 4500
003 JO-AjNU
008 230605s9999||||xx |||||||||||||| ||und||
040 _aJO-AjNU
_bara
_erda
_cJO-AjNU
041 _aara
050 1 4 _aC21.L4512 1982
100 3 _aرودسكي، الكسندر كيتايجو,
_eauthor
_936877
245 0 0 _aالفوتونات والنويات
264 3 1 _aبغداد:وزارة البحث العلمي ، 1985
300 _a368ص
336 _atext
_btxt
_2rdacontent
337 _aunmediated
_bn
_2rdamedia
338 _avolume
_bnc
_2rdacarrier
650 4 _aالاشعة السينية
_936878
999 _aA15360
_c18928
_d18928